banner koha

Ácaros tetraniquídeos: como realizar o manejo? (Registro n. 299713)

MARC details
000 -LÍDER
fixed length control field 00989nab a2200301 4500
003 - CÓDIGO MARC DA AGÊNCIA CATALOGADORA
Campo de controle BR-BrBNA
005 - DATA E HORA DA ÚLTIMA ATUALIZAÇÃO
Campo de controle 20240522101935.0
008 - CAMPO DE TAMANHO FIXO
fixed length control field 240522b bl.||||| |||| 00| 0 por d
040 ## - FONTE DA CATALOGAÇÃO
Agência catalogadora BR-BrBNA
Idioma da catalogação por
072 ## - CATEGORIA AGRIS
Código AGRIS H10 ; H01
Código do objeto 4030
100 ## - ENTRADA PRINCIPAL - NOME PESSOAL
Nome pessoal Silva, José Luiz
100 ## - ENTRADA PRINCIPAL - NOME PESSOAL
Nome pessoal Gravena, Santin
100 ## - ENTRADA PRINCIPAL - NOME PESSOAL
Nome pessoal Benvenga, Sérgio Roberto
245 ## - TÍTULO PRINCIPAL
Título principal Ácaros tetraniquídeos: como realizar o manejo?
Subtítulo Manejo de Pragas
500 ## - NOTA GERAL
Nota geral 9 illus.; 2 tables
942 ## - ADDED ENTRY ELEMENTS (KOHA)
Koha item type
650 ## - ASSUNTO - THESAGRO
Cabeçalho tópico ou nome geográfico CITRICULTURA
650 ## - ASSUNTO - THESAGRO
Cabeçalho tópico ou nome geográfico POMAR
650 ## - ASSUNTO - THESAGRO
Cabeçalho tópico ou nome geográfico ÁCARO
650 ## - ASSUNTO - THESAGRO
Cabeçalho tópico ou nome geográfico PRAGA DE PLANTA
650 ## - ASSUNTO - THESAGRO
Cabeçalho tópico ou nome geográfico PROFILAXIA
650 ## - ASSUNTO - THESAGRO
Cabeçalho tópico ou nome geográfico INSPEÇÃO VEGETAL
650 ## - ASSUNTO - THESAGRO
Cabeçalho tópico ou nome geográfico CONTROLE QUÍMICO
650 ## - ASSUNTO - THESAGRO
Cabeçalho tópico ou nome geográfico INIMIGO NATURAL
650 ## - ASSUNTO - THESAGRO
Cabeçalho tópico ou nome geográfico IRRIGAÇÃO POR ASPERSÃO
773 0# - ENTRADA ANALÍTICA
Host Biblionumber 4769
Registro do item 314631
Imprenta Bebedouro - SP Grupo Técnico de Assistência e Consultoria em Citrus 2001
Outro identificador 2024-0883
Título Ciência e Pratica (Brazil)
Colação v. 7(24) p. 20-21; (Jan-Mar 2007)
Número de controle de registro BR2024001202

Nenhum exemplar disponível.

BINAGRI

Telefone: (61)3218-2567/2388/3357/2097 - binagri@agro.gov.br

Ministério da Agricultura e Pecuária , Esplanada dos Ministérios, Bloco D, Anexo B, Brasília/DF, CEP: 70.043-900